000 00823nam a2200229 i 4500
001 5806
003 ES-MaACL
005 20230906144709.0
008 890530s1989 sp ||||1| cat d
080 _a86-6"19"
100 1 _aBastons Vivanco, Carlos.
_926377
245 1 0 _aCarner i Unamuno /
_c[Carles Bastons i Vivanco].
260 _a[Montserrat] :
_bAbadia de Montserrat,
_c[1989?]
300 _aP. 93-110 ;
_c20 cm.
500 _aAutor tomado de final de texto.
595 _aSeparata de: Miscel·lània Joan Gili. Barcelona: Abadia de Montserrat, 1988.
600 1 4 _aCarner, Josep.
_935366
600 1 7 _aUnamuno, Miguel de,
_d1864-1936-
_vCorrespondencia
_2
_9168906
710 2 _aAbadía de Montserrat.
_91133
852 _aES-MaACL
_jL-12951
_z- Dedicatoria autógrafa del autor
999 _c5806
_d5806